[Event "XIV New Year Open"]
[Site "Guben GER"]
[Date "2011.01.04"]
[Round "5.5"]
[White "Schildt,R"]
[Black "Foisor,O"]
[Result "1/2-1/2"]
[WhiteElo "2037"]
[BlackElo "2397"]

1.e4 d5 2.exd5 Qxd5 3.Nc3 Qd6 4.d4 Nf6 5.Nf3 g6 6.g3 Bg7 7.Bg2 Qa6 8.Qe2 c6
9.Bf4 Qxe2+ 10.Nxe2 Bf5 11.Rc1 Nbd7 12.O-O O-O 13.h3 Rfe8 14.g4 Be4 15.Nc3 Bxf3
16.Bxf3 e5 17.dxe5 Nxe5 18.Bg2 Nc4 19.Rcd1 h6 20.Bc1 Rac8 21.Rfe1 Nh7 22.Na4 Nf8
23.b3 Rxe1+ 24.Rxe1 Nd6 25.Bf4 Nb5 26.c4 Nd4 27.Re7 Nfe6 28.Be3 b5 29.Nc3 bxc4
30.bxc4 Rb8 31.Rxa7 Nc2 32.Ne4 Rb1+ 33.Bf1 Ned4 34.Bxd4 Bxd4 35.Rc7 Rb2 36.Rxc6 Rxa2
37.Rd6 Ne1 38.c5 Rc2 39.c6 Kg7 40.Bb5 f5 41.Rd7+ Kf8 42.gxf5 gxf5 43.c7 fxe4
44.Rd8+ Kg7 45.c8=Q Bxf2+ 46.Kf1 Rxc8 47.Rxc8 Bh4 48.Rc4 Nf3 49.Ke2 Ng5 50.Bc6 Nxh3
51.Rxe4 Bf6 52.Be8 Ng5 53.Rb4 Be5 54.Rb7+ Kf6 55.Rb6+ Kg7 56.Bh5 Bf4 57.Rg6+ Kh7
58.Ra6 Kg7 59.Kd3 Be5 60.Kc4 Bf4 61.Kd5 Bh2 62.Rg6+ Kh7 63.Rb6 Kg7 64.Kc4 Bf4
65.Kb5 Be3 66.Rg6+ Kh7 67.Rd6 Kg7 68.Kc6 Bf4 69.Rg6+ Kh7 70.Rf6 Be5 71.Rf5 Bc3
72.Kd7 Kg7 73.Rc5 Ne4 74.Rc7 Be5 75.Ra7 Kf6 76.Ra5 Ng3 77.Bg4 h5 78.Bh3 Ne2
79.Ra8 Nf4 80.Rf8+ Kg6 81.Be6 h4 82.Rf5 Nxe6 83.Kxe6 Bg3 84.Rf8 Kg5  1/2-1/2

[Event "1st HDBank Cup"]
[Site "Ho Chi Minh City VIE"]
[Date "2011.01.04"]
[Round "2.7"]
[White "Gomez,Joh"]
[Black "Wang Li"]
[Result "1-0"]
[WhiteElo "2527"]
[BlackElo "2394"]

1.e4 d5 2.exd5 Qxd5 3.Nc3 Qd6 4.d4 Nf6 5.Nf3 c6 6.g3 Bg4 7.Bg2 e6 8.h3 Bxf3
9.Bxf3 Nbd7 10.O-O Qc7 11.Ne4 Nxe4 12.Bxe4 Bd6 13.c3 O-O 14.Qc2 Nf6 15.Bf3 h6
16.Kg2 Rfe8 17.Re1 Rad8 18.Be3 a6 19.Rad1 Nd5 20.Bc1 Bf8 21.Re2 g6 22.a3 Bg7
23.Rde1 b5 24.b3 Nf6 25.c4 Qd6 26.Bf4 Qxa3 27.Bxc6 Re7 28.d5 bxc4 29.bxc4 g5
30.Bc1 Qd6 31.Qa4 Qb8 32.Ba3 Rc7 33.dxe6 fxe6 34.Rxe6 Qa7 35.Bd6 Rf7 36.c5 Bf8
37.Be5 Qxc5 38.Rxf6  1-0

[Event "23rd Staufer-Open"]
[Site "Leinzell GER"]
[Date "2011.01.04"]
[Round "5"]
[White "Erker,T"]
[Black "Postojev,A"]
[Result "0-1"]
[WhiteElo "2134"]
[BlackElo "2309"]

1.e4 d5 2.exd5 Qxd5 3.Nc3 Qd6 4.d4 c6 5.Nf3 Bg4 6.Be2 Nf6 7.O-O e6 8.Bg5 Nbd7
9.Qd2 Qc7 10.Bf4 Bd6 11.Bxd6 Qxd6 12.Rfe1 O-O 13.Rad1 Rad8 14.h3 Bh5 15.Ng5 Bg6
16.Bd3 Bxd3 17.Qxd3 Qb4 18.Qe3 Nb6 19.Nce4 Nxe4 20.Qxe4 g6 21.Qh4 h5 22.Ne4 Nd5
23.b3 Kg7 24.c4 Qe7 25.Qg3 Nc7 26.Re3 b6 27.Rdd3 Rd7 28.Qf4 Rfd8 29.g4 e5
30.Qf3 hxg4 31.hxg4 exd4 32.Re2 Ne6 33.Qg3 Nc5 34.Nxc5 Qxe2 35.Nxd7 Rxd7
36.g5 c5 37.Qh3 Re7 38.Qh6+ Kg8 39.Rh3 Qe5 40.Qh7+ Kf8 41.Qh6+ Ke8 42.Rf3 Kd7
43.Qh3+ Kc7 44.Qg4 Kb7 45.a4 Qc7 46.Kg2 Qc6 47.Kh2 Rd7 48.Rf6 Qc7+ 49.Kg2 d3
50.Qf3+ Ka6 51.a5 d2 52.axb6 Qb7  0-1

[Event "37th ch-IND w"]
[Site "Bhubaneswar IND"]
[Date "2011.01.05"]
[Round "11"]
[White "Amrutha,M"]
[Black "Swati,M"]
[Result "1/2-1/2"]
[WhiteElo "2089"]
[BlackElo "2090"]

1.e4 d5 2.exd5 Qxd5 3.Nc3 Qd6 4.d4 Nf6 5.Nf3 c6 6.Bd3 Bg4 7.Be3 Nbd7 8.h3 Bh5
9.Qe2 e6 10.O-O-O Nb6 11.g4 Bg6 12.Bxg6 hxg6 13.Ne5 Nbd5 14.Nxd5 Qxd5 15.c4 Qa5
16.Kb1 Bd6 17.Bd2 Qc7 18.Nxg6 fxg6 19.g5 Kf7 20.Qf3 Raf8 21.gxf6 gxf6 22.d5 cxd5
23.cxd5 e5 24.h4 Rh5 25.Rdg1 Rc8 26.Qd3 Rg8 27.Qf3 Rc8 28.Qd3 Rg8 29.Qb5 a6
30.Qb3 Qd7 31.Bb4 Bxb4 32.d6+ Kg7 33.Qxb4 Rc8 34.Rd1 b5 35.Rc1 Rhh8 36.Qa5 Qxd6
37.Rcd1 Qe6 38.a3 Qc6 39.Qb4 Qe6 40.Rd6 Qf5+ 41.Ka2 Rc7 42.Rxa6 Qxf2 43.Qxb5 Rxh4
44.Rf1 Qc5 45.Qxc5 Rxc5 46.Rfxf6 Rg4 47.Rfe6 Kh6 48.a4 Rcc4 49.Rxe5 Rxa4+
50.Rxa4  1/2-1/2

[Event "Australian Open"]
[Site "Cammeray AUS"]
[Date "2011.01.05"]
[Round "4.19"]
[White "Lay,Peter D"]
[Black "Perera,Pasan"]
[Result "1/2-1/2"]
[WhiteElo "1987"]
[BlackElo "1866"]

1.e4 d5 2.exd5 Qxd5 3.Nc3 Qd6 4.d4 Nf6 5.Nf3 c6 6.Ne5 Nbd7 7.Nc4 Qc7 8.Bg5 Nd5
9.Qf3 N7f6 10.h3 Be6 11.Bh4 Qf4 12.Qxf4 Nxf4 13.Bg3 Nxg2+ 14.Bxg2 Bxc4 15.b3 Be6
16.O-O-O O-O-O 17.Na4 Bd5 18.f3 b5 19.Nc5 Nd7 20.Nd3 e6 21.Kb2 Be7 22.Rhe1 Bf6
23.c3 Rhe8 24.Re2 Kb7 25.Rde1 Rc8 26.Nf4 Nb6 27.Nh5 Be7 28.Nxg7 Rg8 29.Nh5 Rxg3
30.Nxg3 Bh4 31.Ne4 Bxe4 32.fxe4 Bxe1 33.Rxe1 Rg8 34.Re2 Rg3 35.Rf2 Rg7 36.Bf1 Kc7
37.Be2 Kd7 38.Kc2 Ke7 39.Bg4 f6 40.Kd2 Rg5 41.Ke3 Nd7 42.a3 a6 43.Rg2 c5  1/2-1/2

[Event "10th Open"]
[Site "Prague CZE"]
[Date "2011.01.07"]
[Round "1"]
[White "Jancarik,J"]
[Black "Hasangatin,R"]
[Result "1/2-1/2"]
[WhiteElo "2208"]
[BlackElo "2508"]

1.e4 d5 2.exd5 Qxd5 3.Nc3 Qd6 4.d4 c6 5.Nf3 Bg4 6.Be3 Nd7 7.Bc4 e6 8.h3 Bh5
9.g4 Bg6 10.h4 h5 11.g5 Ne7 12.Qd2 Qb4 13.Bd3 Bxd3 14.Qxd3 Ng6 15.O-O-O O-O-O
16.Qe2 Qa5 17.Kb1 Nb6 18.Ne5 Nxe5 19.dxe5 Bb4 20.Bd2 Rxd2 21.Rxd2 Bxc3 22.bxc3 Na4
23.Qc4 Nxc3+ 24.Kb2 Na4+ 25.Kc1 Nb6 26.Qb3 Qxe5 27.Kb1 Qf4 28.Rd3 Nc4 29.Qc3 e5
30.Rhd1 Nb6 31.Qc5 Re8 32.Rd6 Qe4 33.Qa3 Nc4 34.Qh3+ Kb8 35.Rd8+ Rxd8 36.Rxd8+ Kc7
37.Rd7+ Kb6 38.Qb3+ Kc5 39.a3 Nd2+ 40.Rxd2 Qe1+ 41.Kb2 Qxd2 42.Qxb7 Qd4+
43.Kb1 Qd1+ 44.Kb2 Qd4+ 45.Kb1 Qd1+ 46.Kb2  1/2-1/2

[Event "9th Parsvnath Open"]
[Site "New Delhi IND"]
[Date "2011.01.13"]
[Round "8"]
[White "Rahman,Zia"]
[Black "Palit,S"]
[Result "1/2-1/2"]
[WhiteElo "2528"]
[BlackElo "2393"]

1.e4 d5 2.exd5 Qxd5 3.Nc3 Qd6 4.d4 Nf6 5.Nf3 c6 6.Ne5 Nbd7 7.Nc4 Qc7 8.Qf3 Nb6
9.Bf4 Qd8 10.Be5 Be6 11.Ne3 Nbd5 12.Nexd5 Bxd5 13.Nxd5 Qxd5 14.Qb3 Qxb3 15.axb3 e6
16.Be2 Kd7 17.h4 Bd6 18.h5 h6 19.O-O-O Ke7 20.Bxd6+ Kxd6 21.b4 b5 22.c3 a5
23.bxa5 Rxa5 24.Kc2 Ra7 25.Ra1 Rha8 26.Rxa7 Rxa7 27.Bf3 Nd5 28.Re1 Nb6 29.Be2 Ra2
30.Kb3 Ra7 31.f4 Nd5 32.g3 Ra8 33.Bf3 Ra7 34.Bxd5 exd5 35.Re8 f6 36.f5 Kd7
37.Re1 Ra4 38.g4  1/2-1/2

[Event "36th Open"]
[Site "Seville ESP"]
[Date "2011.01.13"]
[Round "7"]
[White "Espejo Montagut,A"]
[Black "Garcia Jimenez,F"]
[Result "0-1"]
[WhiteElo "2128"]
[BlackElo "2274"]

1.e4 d5 2.exd5 Qxd5 3.Nc3 Qd8 4.Bc4 Nf6 5.Nf3 e6 6.O-O Be7 7.Re1 O-O 8.d3 Nbd7
9.Qe2 Nb6 10.Bb3 Nbd5 11.Ne4 c6 12.c4 Nxe4 13.dxe4 Nb4 14.a3 Qd3 15.axb4 Qxb3
16.Bd2 Bxb4 17.Red1 Be7 18.Ba5 b5 19.Rd3 Qxc4 20.b3 Qc5 21.e5 b4 22.Rd4 Qb5
23.Qd2 c5 24.Rg4 f5 25.Rg3 Kh8 26.Ng5 Qd7 27.Qe2 Bb7 28.Rd1 Bd5 29.Nxh7 Kxh7
30.Rh3+ Kg8 31.Qh5 Bd8 32.Qh7+ Kf7 33.Rh6 Bxa5 34.Rf6+ Ke8 35.Rxf8+ Kxf8
36.Qh8+ Ke7 37.Qh4+ Kf7 38.Rd3 Rb8 39.Rg3 Bd8 40.Qh7 Kf8 41.h4 Qf7 42.h5 f4
43.Rg6 Be4 44.Rxg7  0-1

[Event "Marienbad Open"]
[Site "Marianske Lazne CZE"]
[Date "2011.01.15"]
[Round "1"]
[White "Hlavac,R"]
[Black "Koutecky,J"]
[Result "1-0"]
[WhiteElo "2083"]
[BlackElo "1813"]

1.e4 d5 2.exd5 Qxd5 3.Nc3 Qd8 4.d4 g6 5.Nf3 Bg7 6.Be3 Nf6 7.Qd2 Nd5 8.Nxd5 Qxd5
9.c4 Qd8 10.h3 b6 11.Be2 Nd7 12.O-O O-O 13.Rad1 Bb7 14.Bh6 Nf6 15.Bxg7 Kxg7
16.Ne5 Nd7 17.Ng4 Nf6 18.Qh6+ Kg8 19.Rd3 Ne8 20.Rfd1 Ng7 21.Bf3 Nf5 22.Qf4 Bxf3
23.Rxf3 Qd6 24.Nh6+ Nxh6 25.Qxh6 e5 26.Rfd3 e4 27.Re3 f5 28.f3 exf3 29.Rxf3 Rae8
30.Qf4 Re4 31.Qxd6 cxd6 32.Kf2 f4 33.Rc3 g5 34.c5 bxc5 35.dxc5 dxc5 36.Rxc5 h6
37.Rc6 Rfe8 38.Rc2 R4e6 39.Rc7 R8e7 40.Rxe7 Rxe7 41.Rd6 Kg7 42.Ra6 h5 43.b4 Rc7
44.b5 g4 45.hxg4 hxg4 46.Rc6 Rd7 47.Rc4 Rd2+ 48.Kf1 Rxa2 49.Rxf4 Rb2 50.Rxg4+ Kf6
51.Rf4+ Ke5 52.Rh4 Kf5 53.Rh7 Kg6 54.Rb7 Kg5 55.Kg1 Kg4 56.Kh2 Kg5 57.Kh3 Rb4
58.Kg3 Rb3+ 59.Kf2 Rb2+ 60.Ke3 Kf6 61.Kd4 Ke6 62.g4 Rd2+ 63.Kc4 Rc2+ 64.Kb3 Rg2
65.Rg7 Kd6 66.Rg6+ Kc5 67.Rg5+ Kb6 68.Kc4 Rc2+ 69.Kd4 Rd2+ 70.Ke4 Rf2 71.Rf5 Rg2
72.Kf4 Rf2+ 73.Ke4 Rg2 74.g5 a5 75.bxa6 Kxa6 76.Kf4 Kb6 77.Rd5 Kc6 78.Rd1 Rf2+
79.Ke5 Rf8 80.g6 Kc5 81.g7  1-0

[Event "TCh-SWE Elitserien 2010-11"]
[Site "Sweden SWE"]
[Date "2011.01.15"]
[Round "6"]
[White "Hall,Je"]
[Black "Madebrink,L"]
[Result "1-0"]
[WhiteElo "2490"]
[BlackElo "2247"]

1.e4 d5 2.exd5 Qxd5 3.Nc3 Qd6 4.d4 Nf6 5.Bc4 c6 6.Nge2 Bg4 7.f3 Bf5 8.g4 Be6
9.Bf4 Qd7 10.Bd3 g6 11.Be5 Bg7 12.h4 Qd8 13.Nf4 Nbd7 14.Nxe6 fxe6 15.Bg3 Qb6
16.Qd2 O-O-O 17.Ne2 Nd5 18.O-O-O e5 19.Bc4 exd4 20.Nxd4 Ne5 21.Bb3 c5 22.Qe2 cxd4
23.Bxe5 Bxe5 24.Qxe5 Nc7 25.Qxe7 Rhe8 26.Qxh7 d3 27.cxd3 Re2 28.Qg7 Nb5 29.Kb1 Nd4
30.h5 gxh5 31.gxh5 a5 32.Rhe1 Rxe1 33.Rxe1 Nxf3 34.Rc1+ Kb8 35.Qg3+  1-0

[Event "TCh-SVK Extraliga 2010-11"]
[Site "Kezmarok CZE"]
[Date "2011.01.16"]
[Round "4.4"]
[White "Druska,J"]
[Black "Lasch,M"]
[Result "1-0"]
[WhiteElo "2226"]
[BlackElo "2126"]

1.e4 d5 2.exd5 Qxd5 3.Nc3 Qd6 4.d4 Nf6 5.Nf3 a6 6.g3 Bg4 7.Bg2 Nc6 8.O-O O-O-O
9.d5 Nb4 10.h3 Bh5 11.Bf4 Qc5 12.Be3 Qd6 13.Qe2 Nbxd5 14.Nxd5 Nxd5 15.Rad1 Qf6
16.c4 Bxf3 17.Bxf3 Nxe3 18.Rxd8+ Kxd8 19.Qxe3 e5 20.Rd1+ Ke8 21.Bxb7 Be7
22.Qa7 Bd8 23.Bxa6 Qb6 24.Bb5+ Ke7 25.Qa8 c5 26.Rd7+ Kf6 27.Qf3+ Kg5 28.h4+ Kh6
29.Qe3+ Kg6 30.Qxe5 Bf6 31.Rd6 Qxd6 32.Qxd6 Rd8 33.Qxc5  1-0

[Event "Marienbad Open"]
[Site "Marianske Lazne CZE"]
[Date "2011.01.17"]
[Round "3"]
[White "Stankiewicz,P"]
[Black "Karhanek,P"]
[Result "0-1"]
[WhiteElo "2005"]
[BlackElo "2137"]

1.e4 d5 2.exd5 Qxd5 3.Nc3 Qd6 4.d4 Nf6 5.Nf3 a6 6.g3 Bf5 7.Bg2 c6 8.O-O e6
9.Bf4 Qd8 10.Qe2 Bd6 11.Ne5 O-O 12.Rad1 Qc7 13.Rfe1 Nbd7 14.h3 Nd5 15.Nxd5 cxd5
16.Nxd7 Qxd7 17.Bxd6 Qxd6 18.b3 Rac8 19.c4 dxc4 20.bxc4 Qb6 21.c5 Rfd8 22.a3 Qb3
23.Qe3 Qb5 24.h4 h6 25.Be4 Bxe4 26.Qxe4 Rd5 27.Rb1 Qd7 28.Rb4 a5 29.Rc4 b5
30.Rc2 Rxd4 31.Qe2 b4 32.axb4 axb4 33.Rb1 Qd5 34.Rbc1 b3 35.Rb2 Rd3 36.c6 Rxc6
37.Rxc6 Qxc6 38.Kh2 Qd5 39.Rb1 Rd2 40.Qe1 b2 41.Kg1 Qd3 42.Kg2 Qc2 43.Kg1 Rxf2  0-1

[Event "ch-BLR w"]
[Site "Minsk BLR"]
[Date "2011.01.17"]
[Round "2.4"]
[White "Ziaziulkina,N"]
[Black "Eidelson,R"]
[Result "1-0"]
[WhiteElo "2301"]
[BlackElo "2245"]

1.e4 d5 2.exd5 Qxd5 3.Nc3 Qd6 4.d4 Nf6 5.Nf3 a6 6.g3 Bg4 7.Bg2 Nc6 8.O-O e6
9.Bf4 Qd7 10.h3 Bxf3 11.Qxf3 O-O-O 12.Rfd1 Nd5 13.Nxd5 exd5 14.c4 Ne7 15.b4 Ng6
16.Bd2 Bd6 17.Qxd5 c6 18.Qf3 f5 19.b5 axb5 20.cxb5 cxb5 21.Ba5 Kb8 22.Bxd8 Rxd8
23.Rab1 f4 24.Rb3 fxg3 25.fxg3 Ne7 26.Qf7 b4 27.Rf1 Ng6 28.a3 Bf8 29.Qxd7 Rxd7
30.axb4 Ka7 31.Be4 Bd6 32.h4 Re7 33.Bb1 Re2 34.Rf2 Re1+ 35.Kg2 Ne7 36.Rf7 Nc6
37.Rxg7 Nxd4 38.Ra3+ Kb6 39.Bxh7 Bxb4 40.Rd3  1-0

[Event "ITT La Pergola Jardin"]
[Site "Asuncion URU"]
[Date "2011.01.18"]
[Round "2.4"]
[White "Villalba,M"]
[Black "Spata,G"]
[Result "1-0"]
[WhiteElo "2149"]
[BlackElo "2330"]

1.e4 d5 2.exd5 Qxd5 3.Nc3 Qd6 4.Nf3 Nf6 5.d4 c6 6.Bc4 Bg4 7.Be3 e6 8.h3 Bh5
9.g4 Bg6 10.Ne5 Nd5 11.Bxd5 exd5 12.h4 f6 13.Nxg6 hxg6 14.Qd3 Kf7 15.h5 g5
16.O-O-O Na6 17.Rde1 Kg8 18.Qf5 Rd8 19.f4 gxf4 20.Bxf4 Qd7 21.Re6 Nc7 22.Bxc7 Qxc7
23.Ne2 Bd6 24.Rf1 Qf7 25.Re1 Qc7 26.Kb1 Kf8 27.Ng1 Kg8 28.Nf3 Qf7 29.Nh4 Bf8
30.Ng6 Rh6 31.a3 Qd7 32.Re8 Qxe8 33.Rxe8 Rxe8 34.Qd7 Rb8 35.Qc7 Re8 36.Qxb7 f5
37.Qxc6  1-0

[Event "ch-BLR w"]
[Site "Minsk BLR"]
[Date "2011.01.18"]
[Round "3.1"]
[White "Revo,T"]
[Black "Bogdan,Ek"]
[Result "1/2-1/2"]
[WhiteElo "2031"]
[BlackElo "1991"]

1.e4 d5 2.exd5 Qxd5 3.Nc3 Qd6 4.d4 Nf6 5.Be2 c6 6.Nf3 Bf5 7.Ne5 Nbd7 8.f4 e6
9.Be3 Nb6 10.Qd2 Nbd5 11.O-O-O Nxc3 12.Qxc3 Nd5 13.Qb3 Qb4 14.Qxb4 Bxb4 15.Bd2 Bxd2+
16.Rxd2 Nxf4 17.Bf3 O-O 18.Rf1 Nd5 19.c4 Nf6 20.Re1 h6 21.Re3 Rac8 22.Ra3 a6
23.Rb3 Rc7 24.Rb6 Rd8 25.Kd1 Be4 26.Ke2 c5 27.dxc5 Rxd2+ 28.Kxd2 Rxc5 29.Nd3 Rc7
30.Bxe4 Nxe4+ 31.Ke3 Nf6 32.Ne5 Kf8 33.b3 Ke7 34.Kd4 Nd7 35.Nxd7 Rxd7+ 36.Ke3 Kd8
37.c5 Kc7 38.Rb4 Kc6 39.Rc4 Rd1 40.h4 Re1+ 41.Kd3 f5 42.Rb4 Rg1 43.Kd4 Rd1+
44.Ke3 Rd7 45.Rb6+ Kd5 46.Kf4 g6 47.g3 Re7 48.b4 e5+ 49.Kf3 Rg7 50.a3 Kd4
51.Rd6+ Kc4 52.c6 e4+ 53.Kf4 bxc6 54.Rxc6+ Kb5 55.Rc5+ Kb6 56.h5 gxh5 57.Rxf5 Rg4+
58.Ke3 h4 59.gxh4 Rxh4 60.a4 Rh3+ 61.Kxe4 Rh4+ 62.Rf4 Rxf4+ 63.Kxf4  1/2-1/2

[Event "68th ch-GEO w"]
[Site "Anaklia GEO"]
[Date "2011.01.19"]
[Round "9"]
[White "Melia,S"]
[Black "Mikadze,M"]
[Result "0-1"]
[WhiteElo "2449"]
[BlackElo "2362"]

1.e4 d5 2.exd5 Qxd5 3.Nc3 Qd6 4.d4 Nf6 5.Nf3 c6 6.Ne5 Nbd7 7.Nc4 Qc7 8.Qf3 Nb6
9.Bf4 Qd7 10.h3 Nxc4 11.Bxc4 Qxd4 12.Bb3 e6 13.Rd1 Qc5 14.O-O Be7 15.Rfe1 O-O
16.Re5 Qb6 17.Na4 Qa6 18.Nc5 Qb6 19.Na4 Qa6 20.c4 Rd8 21.Rxd8+ Bxd8 22.Qd3 Be7
23.Bc2 b6 24.Bg5 h6 25.Bf4 Bb7 26.Qg3 Kf8 27.b3 Rd8 28.Qe3 Ng8 29.Rh5 Bf6
30.Qg3 c5 31.Bd6+ Be7 32.Bxe7+ Nxe7 33.Qe3 Qa5 34.Nc3 Qa3 35.Kh2 Qb2 36.Be4 Bxe4
37.Nxe4 Nf5 38.Qf4 g6 39.Rxh6 Nxh6 40.Qxh6+ Kg8 41.Qg5 Qd4 42.Qe7 Kg7 43.Ng3 Qf6
44.Qc7 Rd4 45.f3 Qf4 46.Qxf4 Rxf4 47.Ne2 Rh4 48.Kg3 Rh8 49.Nc3 Rd8 50.Nb5 Kf6
51.Kf4 g5+ 52.Ke3 Rd7 53.Nc3 Kg6 54.Ke2 f5 55.Nd1 Kf6 56.Nf2 Ke5 57.Ke3 Rd4
58.g3 f4+ 59.gxf4+ gxf4+ 60.Ke2 Kf5 61.Nd3 Kg5 62.Ne5 Kh4 63.Nc6 Rd7 64.Ne5 Rg7
65.Kd3 Kxh3 66.Ke4 Kg3 67.a3 a5 68.Nc6 Rc7 69.Ne5 a4 70.bxa4 Ra7  0-1

[Event "ch-BLR w"]
[Site "Minsk BLR"]
[Date "2011.01.19"]
[Round "4.4"]
[White "Morgaenko,E BLR"]
[Black "Bogdan,Ek"]
[Result "0-1"]
[WhiteElo "1828"]
[BlackElo "1991"]

1.e4 d5 2.exd5 Qxd5 3.Nc3 Qd6 4.d4 Nf6 5.Bd3 c6 6.Nge2 Bg4 7.f3 Bh5 8.Bf4 Qd8
9.Qd2 e6 10.O-O-O Bb4 11.h4 Nd5 12.a3 Ba5 13.g4 Bg6 14.Be5 f6 15.Bxg6+ hxg6
16.Bg3 Nd7 17.Qd3 f5 18.h5 Qg5+ 19.f4 Qf6 20.g5 Qe7 21.hxg6 O-O-O 22.Nxd5 exd5
23.b4 Bc7 24.Nc3 Qe6 25.b5 Qxg6 26.bxc6 Qxc6 27.Nb5 Bb8 28.Qb3 Nb6 29.Nc3 Nc4
30.Na2 a5 31.Nc3 Rde8 32.Rxh8 Rxh8 33.Nb5 Rh3 34.Rd3 Qe6 35.Kb1 Rxg3 36.Ka2 Rxd3
37.cxd3 Qe2+ 38.Ka1 Qe1+ 39.Ka2 Qd2+ 40.Kb1 a4 41.Qc3 Qxc3 42.Nxc3 Nb6 43.Ne2 Bd6
44.Kb2 Kd7 45.Ka2 Ke6 46.Kb2 Kf7 47.Ng3 Kg6 48.Ne2 Kh5  0-1

[Event "Marienbad Open"]
[Site "Marianske Lazne CZE"]
[Date "2011.01.22"]
[Round "9"]
[White "Varitski,I"]
[Black "Karhanek,P"]
[Result "1/2-1/2"]
[WhiteElo "2277"]
[BlackElo "2137"]

1.e4 d5 2.exd5 Qxd5 3.Nc3 Qd6 4.d4 Nf6 5.Nf3 a6 6.g3 Bf5 7.Ne5 Nc6 8.Nxc6 Qxc6
9.d5 Qd7 10.Bg2 Bh3 11.Bxh3 Qxh3 12.Qf3 Qg4 13.Qxg4 Nxg4 14.h3 Nf6 15.Bg5 g6
16.Bxf6 exf6 17.O-O-O O-O-O 18.Rhe1 Bb4 19.Re3 Bxc3 20.Rxc3 Rhe8 21.Rcd3 Re2
22.R3d2 Rde8 23.c4 f5 24.Rxe2 Rxe2 25.Rd2 Re1+ 26.Rd1 Re2 27.Rd2  1/2-1/2

[Event "Gibraltar Masters"]
[Site "Caleta ENG"]
[Date "2011.01.26"]
[Round "2.83"]
[White "Lipecki,A"]
[Black "Sigamoney,Cyril S"]
[Result "1-0"]
[WhiteElo "2126"]
[BlackElo "1978"]

1.e4 d5 2.exd5 Qxd5 3.Nc3 Qd8 4.Bc4 Nf6 5.Nf3 e6 6.d4 Be7 7.O-O O-O 8.Qe2 a6
9.Re1 b5 10.Bb3 Bb7 11.Ng5 Bd6 12.Qd3 h6 13.Nge4 Nxe4 14.Nxe4 Be7 15.Re3 Bg5
16.Nxg5 Qxg5 17.Rg3 Qf6 18.c3  1-0

[Event "Gibraltar Masters"]
[Site "Caleta ENG"]
[Date "2011.01.26"]
[Round "2.71"]
[White "McKenna,Jas"]
[Black "Garcia Jimenez,F"]
[Result "0-1"]
[WhiteElo "2062"]
[BlackElo "2274"]

1.e4 d5 2.exd5 Qxd5 3.Nc3 Qd8 4.d4 Nf6 5.Bc4 Bg4 6.f3 Bd7 7.Nge2 e6 8.Bf4 Bc6
9.Qd3 Nbd7 10.O-O-O Nb6 11.Bb5 Bxb5 12.Qxb5+ c6 13.Qd3 Nbd5 14.Nxd5 Nxd5
15.Bd2 Qb6 16.c4 Qa6 17.Kb1 O-O-O 18.Nf4 Nf6 19.Rhe1 Bd6 20.g3 Bc7 21.Bc3 Rd7
22.Qe2 Rhd8 23.b3 Ba5 24.Qe3 e5 25.Bxa5 exf4 26.Qe5 b6 27.Bc3 fxg3 28.Qxg3 g6
29.Qg5 Ne8 30.Re7 b5 31.cxb5 Qxb5 32.Qxb5 cxb5 33.Rde1 Nd6 34.Ba5 Rxe7 35.Rxe7 Rd7
36.Rxd7 Kxd7 37.Kc2 Kc6 38.Kd3 Kd5 39.Be1 Nb7 40.Bh4 Na5 41.Be1 Nc6 42.Bc3 h5
43.a3 g5 44.Ke3 f5 45.Kd3 Nd8 46.Bd2 Ne6 47.Be3 f4 48.Bf2 g4 49.fxg4 hxg4
50.a4 bxa4 51.bxa4 Ng5 52.Bh4 Nf3 53.Bf6 g3  0-1

[Event "Belgrade Individual 2011"]
[Site "Belgrade SRB"]
[Date "2011.01.27"]
[Round "6.16"]
[White "Zivkovic,Sava"]
[Black "Tasev,D"]
[Result "1/2-1/2"]
[WhiteElo "2311"]
[BlackElo "2155"]

1.e4 d5 2.exd5 Qxd5 3.Nc3 Qd6 4.d4 Nf6 5.Nf3 a6 6.g3 Bg4 7.Bg2 Nc6 8.h3 Bh5
9.O-O O-O-O 10.Be3 e6  1/2-1/2

[Event "Gibraltar Masters"]
[Site "Caleta ENG"]
[Date "2011.01.27"]
[Round "3.110"]
[White "Boesch,Heinz"]
[Black "Rough,R"]
[Result "1-0"]
[WhiteElo "1899"]
[BlackElo "1742"]

1.e4 d5 2.exd5 Qxd5 3.Nc3 Qd6 4.d4 Nf6 5.Nf3 c6 6.Bc4 Bg4 7.Bxf7+ Kxf7 8.Ne5+ Ke8
9.Nxg4 Nbd7 10.Nxf6+ Nxf6 11.Be3 g6 12.Qf3 Bg7 13.O-O-O Rf8 14.Qh3 Kf7 15.Rhe1 Kg8
16.Bg5 Rae8 17.Re6 Qd8 18.Qd3 Ng4 19.Qc4 Rf7 20.f3 Nf6 21.d5 cxd5 22.Nxd5 Nxd5
23.Rxd5 Qb8 24.g3 Kf8 25.Bf4 Qc8 26.Rc5 Qa8 27.h4 b6 28.Rcc6 Qb7 29.Qd3 Rf5
30.c3 Bf6 31.Bh6+ Bg7 32.Bxg7+ Kxg7 33.g4 Rf7 34.h5 gxh5 35.gxh5 Qb8 36.Qd4+ Kg8
37.h6 Qg3 38.Qg4+ Qxg4 39.fxg4 Rf1+ 40.Kc2 Rg1 41.Re4 Kf7 42.Rf4+ Kg8 43.Re6 Rg2+
44.Kb3 Rg3 45.Re5  1-0

[Event "Oceania Zonal"]
[Site "Rotorua NZL"]
[Date "2011.01.27"]
[Round "4.5"]
[White "Schon,E"]
[Black "Xie,G"]
[Result "1/2-1/2"]
[WhiteElo "2157"]
[BlackElo "2478"]

1.e4 d5 2.exd5 Qxd5 3.Nc3 Qd6 4.d4 Nf6 5.Nf3 g6 6.g3 Bg7 7.Bf4 Qb6 8.Qd2 Bf5
9.O-O-O Nc6 10.Ne5 Ne4 11.Nxe4 Bxe4 12.Nc4 Qxd4 13.Qe1 Bxh1 14.Rxd4 Bxd4
15.Bxc7 O-O 16.Ne5 Rac8 17.Nxc6 Bxc6 18.Be5 Bxe5 19.Qxe5 e6 20.Bd3 Rfd8 21.f4 b6
22.b3 Bf3 23.Qe3 Bg4 24.Kb2 Rc5 25.a4 Bf5 26.Bxf5 Rxf5 27.g4 Rfd5 28.h4 h5
29.f5 exf5 30.gxh5 f4 31.Qxf4 gxh5 32.Qf6 R8d6 33.Qe7 a5 34.Qe3 Rd4 35.Qf2  1/2-1/2

[Event "Moscow Open D University Women"]
[Site "Moscow RUS"]
[Date "2011.01.29"]
[Round "1.1"]
[White "Vasilevich,I"]
[Black "Grebennikova,T"]
[Result "1-0"]
[WhiteElo "2327"]
[BlackElo "1981"]

1.e4 d5 2.exd5 Qxd5 3.Nc3 Qd6 4.d4 Nf6 5.g3 c6 6.Bg2 Bf5 7.Nf3 Nbd7 8.O-O e6
9.Bf4 Qb4 10.Rb1 Be7 11.Re1 O-O 12.Nh4 Bg4 13.Qd2 Qb6 14.h3 Bh5 15.Nf5 Bd8
16.Nd6 a5 17.Na4 Qa7 18.c4 Bg6 19.Rbd1 Nh5 20.Be3 Qb8 21.Ne4 Nhf6 22.Nec5 Nxc5
23.dxc5 Bc7 24.Nb6 Bxb6 25.cxb6 Qd8 26.Qc1 Qe7 27.Bf4 Rfd8 28.Bc7 Rxd1 29.Rxd1 Be4
30.Qd2 Bxg2 31.Kxg2 Qc5 32.b3 Re8 33.Re1 Ra8 34.Re5 Qb4 35.Qd4 Qe7 36.Re2 Ne8
37.Bf4 Rd8 38.Qe5 Qb4 39.Be3 a4 40.Bc5 Qa5 41.b4 Qa8 42.Qf4 Qc8 43.Re3 Qd7
44.Qf3 Nf6 45.Ra3 Ra8 46.Rd3 Qe8 47.Qd1 h6 48.Ra3 Ne4 49.Be3 Rd8 50.Qxa4 Qd7
51.Qc2 f5 52.Ra5 g5 53.Re5 Qd6 54.Qb2 Kf7 55.b5 cxb5 56.cxb5 Qd1 57.Qc1 Qxc1
58.Bxc1 Nc3 59.Rc5 Nd5 60.a4 Nxb6 61.Rc7+ Rd7 62.Rxd7+ Nxd7 63.a5 Ke7 64.a6 bxa6
65.bxa6 Nb6 66.g4 Kf6 67.Bb2+ Kg6 68.Be5 h5 69.f3 hxg4 70.hxg4 Kf7 71.Kf2 Ke7
72.Ke2 Nc8 73.Bd4 fxg4 74.fxg4 e5 75.a7 Nxa7 76.Bxa7 Ke6 77.Be3 Kf6 78.Kf3 Kg6
79.Ke4 Kf6 80.Bd2 Kg6 81.Kxe5 Kg7 82.Kf5  1-0

[Event "16th HIT Open"]
[Site "Nova Gorica SLO"]
[Date "2011.01.29"]
[Round "2"]
[White "Kolaric,S"]
[Black "Golubovic,B"]
[Result "0-1"]
[WhiteElo "2049"]
[BlackElo "2416"]

1.e4 d5 2.exd5 Qxd5 3.Nc3 Qd6 4.d4 Nf6 5.Nf3 g6 6.g3 Bg7 7.Bg2 O-O 8.O-O c6
9.a3 Bg4 10.Bf4 Qd8 11.Qd2 Bxf3 12.Bxf3 e6 13.Rfd1 Nbd7 14.b4 Nb6 15.b5 Rc8
16.bxc6 bxc6 17.Ne4 Nxe4 18.Bxe4 Nd5 19.Be5 Bxe5 20.dxe5 Qc7 21.f4 Rfd8 22.Qe1 Qb6+
23.Qf2 Qa5 24.Rd3 Nc3 25.Bf3 Rxd3 26.cxd3 Rd8 27.Bxc6 Rxd3 28.Bg2 Nd1 29.Qe2 Qc3
30.Kh1 Qxa1  0-1

[Event "TCh-HUN 2010-11"]
[Site "Budapest HUN"]
[Date "2011.01.30"]
[Round "5"]
[White "Mester,G"]
[Black "Bodiroga,P"]
[Result "0-1"]
[WhiteElo "2443"]
[BlackElo "2398"]

1.e4 d5 2.exd5 Qxd5 3.Nc3 Qd6 4.d4 Nf6 5.Nge2 Bg4 6.h3 Bxe2 7.Bxe2 c6 8.Bg5 Nbd7
9.Qd2 e6 10.O-O-O Be7 11.Bf4 Qb4 12.Nb1 Qa4 13.a3 b5 14.Bf3 Qa6 15.Qe2 O-O
16.Nc3 Rfc8 17.d5 Nxd5 18.Nxd5 cxd5 19.Bxd5 exd5 20.Qxe7 Qa4 21.Rd2 Nc5 22.Bc7 Qc4  0-1

[Event "Gibraltar Masters"]
[Site "Caleta ENG"]
[Date "2011.01.30"]
[Round "6.69"]
[White "Daoudi,K"]
[Black "Boesch,Heinz"]
[Result "1-0"]
[WhiteElo "2155"]
[BlackElo "1899"]

1.e4 d5 2.exd5 Qxd5 3.Nc3 Qd6 4.Nf3 Nf6 5.d4 a6 6.g3 b5 7.Bg2 Bb7 8.O-O e6
9.Bf4 Qb6 10.Re1 Be7 11.a4 c5 12.a5 Qd8 13.Ne5 Bxg2 14.Kxg2 cxd4 15.Qf3 Ra7
16.Red1 O-O 17.Ne2 Qd5 18.Nxd4 Qxf3+ 19.Kxf3 Ra8 20.b3 Bc5 21.c4 bxc4 22.bxc4 Rc8
23.Rab1 h6 24.h4 Bd6 25.Nf5 Bf8 26.Nd6 Bxd6 27.Rxd6 Nh5 28.Rb7 Nf6 29.c5 Nd5
30.c6 f6 31.Ng6 Nxc6 32.Rdd7  1-0

[Event "Frauenbundesliga 1st Div 2010-11"]
[Site "Germany GER"]
[Date "2011.01.30"]
[Round "7.4"]
[White "Schoene,Mar"]
[Black "Juergens,V"]
[Result "1/2-1/2"]
[WhiteElo "2200"]
[BlackElo "2285"]

1.e4 d5 2.exd5 Qxd5 3.Nc3 Qd6 4.d4 Nf6 5.Nf3 g6 6.Bc4 Bg7 7.O-O a6 8.Ne5 O-O
9.Re1 Nc6 10.Nxc6 bxc6 11.h3 Rd8 12.Bg5 Qb4 13.Bb3 Rxd4 14.Qf3 Bb7 15.a3 Qa5
16.Bxf6 exf6 17.Re7 Rf8 18.Ne4 f5 19.Ng5 Rd5 20.Bxd5 cxd5 21.Qb3 Bc6 22.Nf3 Bf6
23.Re2 d4 24.Rd1 Bb5 25.Ree1 c5 26.Nd2 Qc7 27.Nc4 Rb8 28.Qd3 Bc6 29.b3 Bd5
30.Qd2 Qc6 31.Qf4 Rd8 32.f3 Kg7 33.Re2 h6 34.h4 Bxc4 35.bxc4 Qa4 36.h5 Qxc4
37.Rde1 Bg5 38.Qe5+ Bf6 39.Qf4 Bg5 40.Qc7 d3 41.cxd3 Qd4+ 42.Kf1 Bf4 43.Qe7 Bh2
44.Qe3 Qh4 45.hxg6 Bg3 46.Rd1 Re8 47.Qg1 Qa4 48.Rc1 Qxa3 49.Qxc5 Qxd3 50.Qc3+ Qxc3
51.Rxc3 Rxe2 52.Kxe2 fxg6 53.Ra3 Kf6 54.Rxa6+ Kg5 55.Ke3 h5 56.Ra4 Bc7 57.Kf2 Bb6+
58.Kg3 h4+ 59.Kh3 Bf2 60.f4+ Kf6 61.Ra8 Bg3 62.Ra6+ Kg7 63.Rc6 Kh6 64.Rc4 Kh5
65.Ra4 Kh6 66.Ra8 Kg7 67.Ra3 Kh6 68.Ra7 Bf2 69.Rd7 Bg3 70.Rb7 Bf2 71.Kh2 Bg3+
72.Kh3  1/2-1/2